A history of science : (Record no. 51244)
[ view plain ]
| 000 -LEADER | |
|---|---|
| fixed length control field | 00858nam a2200277 a 4500 |
| 001 - CONTROL NUMBER | |
| control field | 51244 |
| 003 - CONTROL NUMBER IDENTIFIER | |
| rucl marc code | BD-RjUL |
| 005 - DATE AND TIME OF LATEST TRANSACTION | |
| control field | 20211209075630.0 |
| 008 - FIXED-LENGTH DATA ELEMENTS--GENERAL INFORMATION | |
| fixed length control field | 901012m19529999enk 000 0 eng d |
| 035 ## - SYSTEM CONTROL NUMBER | |
| System control number | (BD-RjUL)51364 |
| System control number | 2071795 |
| 040 ## - CATALOGING SOURCE | |
| Original cataloging agency | AUC |
| Language of cataloging | eng |
| Transcribing agency | BD-RjUL |
| Modifying agency | BD-RjUL |
| 041 ## - LANGUAGE CODE | |
| Language code of text/sound track or separate title | eng |
| 082 ## - DEWEY DECIMAL CLASSIFICATION NUMBER | |
| Classification number | 509 |
| Author mark and year | SAH 1952 |
| 100 1# - MAIN ENTRY--PERSONAL NAME | |
| Personal name | Sarton, George, |
| Dates associated with a name | 1884-1956. |
| 9 (RLIN) | 151760 |
| 245 12 - TITLE STATEMENT | |
| Title | A history of science : |
| Remainder of title | Ancient science through the Golden Age of greece / |
| Statement of responsibility, etc. | George Sarton, |
| 260 ## - PUBLICATION, DISTRIBUTION, ETC. (IMPRINT) | |
| Place of publication, distribution, etc. | Cambridge : |
| Name of publisher, distributor, etc. | Harvard University Press, |
| Date of publication, distribution, etc. | 1952 |
| 300 ## - PHYSICAL DESCRIPTION | |
| Pagination | v. : |
| Illustrations | illus., maps, facsims. ; |
| Size | 25 cm. |
| 504 ## - BIBLIOGRAPHY, ETC. NOTE | |
| Bibliography, etc | Includes Bibliographical footnotes. |
| 505 0# - FORMATTED CONTENTS NOTE | |
| Formatted contents note | V.1-- |
| 650 #0 - SUBJECT ADDED ENTRY--TOPICAL TERM | |
| Topical term or geographic name as entry element | Science |
| General subdivision | History. |
| 9 (RLIN) | 153297 |
| Topical term or geographic name as entry element | Science, Ancient. |
| 9 (RLIN) | 151763 |
| Topical term or geographic name as entry element | Civilization, Ancient. |
| 9 (RLIN) | 151764 |
| 942 ## - ADDED ENTRY ELEMENTS (KOHA) | |
| Source of classification or shelving scheme | Dewey Decimal Classification |
| Koha item type | Books |
| Lost status | Source of classification or shelving scheme | Damaged status | Not for loan | Collection code | Permanent Location | Current Location | Shelving location | Date acquired | Source of acquisition | Cost, normal purchase price | Total Checkouts | Full call number | Date last seen | Copy number | Koha item type |
|---|---|---|---|---|---|---|---|---|---|---|---|---|---|---|---|
| Dewey Decimal Classification | Non-fiction | Central Library, University of Rajshahi | Central Library, University of Rajshahi | 25/06/1963 | Zeitlinger | 0.00 | 509 SAH V-1 1952 | 30/08/2016 | C-2 | Books |